[Event "Maastricht Limburg op"]
[Site "Maastricht"]
[Date "2008.05.11"]
[Round "5"]
[White "Richter, Gerald"]
[Black "Scheeren, Peter MJ"]
[Result "0-1"]
[WhiteElo "2150"]
[BlackElo "2435"]
[PlyCount "68"]
[EventDate "2008.05.09"]
[EventType "swiss"]
[EventRounds "7"]
[EventCountry "NED"]
[SourceTitle "EXT 2009"]
[Source "ChessBase"]
[SourceDate "2008.11.26"]
[SourceVersion "1"]
[SourceVersionDate "2008.11.26"]
[SourceQuality "1"]

1. d4 Nf6 2. c4 e6 3. Nf3 b6 4. g3 Bb7 5. Bg2 Bb4+ 6. Bd2 Bxd2+ 7. Nbxd2 0-0 8. Qc2 d6 9. 0-0 Nbd7 10. e4 e5 11. Rad1 Qe7 12. Rfe1 a5 13. b3 Nb8 14. Nb1 Nc6 15. Nc3 exd4 16. Nd5 Qd8 17. Nxd4 Nxd4 18. Rxd4 Re8 19. Qd2 h6 20. f4 Bxd5 21. cxd5 Nd7 22. a3 Nc5 23. Qc3 Qf6 24. b4 axb4 25. axb4 Ra3 26. Qxa3 Qxd4+ 27. Kf1 Nxe4 28. Bxe4 Rxe4 29. Rxe4 Qxe4 30. Qa8+ Kh7 31. Qc6 Qxb4 32. Qxc7 f5 33. Qf7 Qe4 34. h4 Qf3+ 0-1

[Event "NED-chT 9495"]
[Site "Netherlands"]
[Date "1994.??.??"]
[Round "8"]
[White "Scheeren, Peter MJ"]
[Black "Klarenbeek, Mark"]
[Result "1-0"]
[WhiteElo "2435"]
[BlackElo "2390"]
[PlyCount "77"]
[EventDate "1994.??.??"]
[EventType "team-tourn"]
[EventRounds "9"]
[EventCountry "NED"]
[SourceTitle "EXT 1998"]
[Source "ChessBase"]
[SourceDate "1997.11.17"]
[SourceVersion "1"]
[SourceVersionDate "1997.11.17"]
[SourceQuality "1"]

1. d4 Nf6 2. c4 c5 3. d5 b5 4. cxb5 a6 5. f3 axb5 6. e4 Qa5+ 7. Bd2 b4 8. Na3 d6 9. Nc4 Qc7 10. a3 e6 11. dxe6 Bxe6 12. Bf4 Bxc4 13. Bxc4 Be7 14. axb4 Rxa1 15. Qxa1 cxb4 16. Qa2 0-0 17. Nh3 Nc6 18. Ng5 Nd8 19. Ke2 h6 20. Rc1 Qb8 21. Nh3 Nh5 22. Rd1 g5 23. Bg3 Nxg3+ 24. hxg3 d5 25. Bxd5 Qxg3 26. Kf1 Bc5 27. Qc4 Ba7 28. Qa6 Be3 29. Qg6+ Kh8 30. Qxh6+ Kg8 31. Rd3 Bc1 32. Qg6+ Kh8 33. Qf6+ Kg8 34. Nf2 Qh4 35. f4 Qh8 36. Qxg5+ Qg7 37. Qxg7+ Kxg7 38. Rg3+ Kf6 39. Nd3 1-0

[Event "NED-chT"]
[Site "Netherlands"]
[Date "1993.??.??"]
[Round "3"]
[White "Scheeren, Peter MJ"]
[Black "Van der Wiel, John"]
[Result "1-0"]
[WhiteElo "2435"]
[BlackElo "2555"]
[PlyCount "101"]
[EventDate "1993.??.??"]
[EventType "team-tourn"]
[EventRounds "11"]
[EventCountry "NED"]
[SourceTitle "EXT 1997"]
[Source "ChessBase"]
[SourceDate "1996.11.15"]
[SourceVersion "1"]
[SourceVersionDate "1996.11.15"]
[SourceQuality "1"]

1. d4 Nf6 2. c4 e6 3. Nc3 Bb4 4. e3 c5 5. Bd3 Nc6 6. Nge2 cxd4 7. exd4 d5 8. 0-0 dxc4 9. Bxc4 0-0 10. Bg5 Be7 11. Bb3 b6 12. Qd3 Nb4 13. Qf3 Bd7 14. a3 Bc6 15. Qh3 Nbd5 16. Bc2 g6 17. Rad1 Re8 18. Rfe1 Rc8 19. Bb3 Nh5 20. Bxe7 Qxe7 21. Ne4 Kg7 22. N2c3 Ndf4 23. Qe3 f5 24. Ng3 Qd6 25. Nxh5+ gxh5 26. g3 Nh3+ 27. Kf1 f4 28. Qe5+ Qxe5 29. Rxe5 Rf8 30. Rd2 Bf3 31. Bxe6 Bg4 32. Bxc8 Rxc8 33. d5 Kf6 34. gxf4 Nxf4 35. Re4 Kf5 36. Rdd4 Ng6 37. d6 Rd8 38. d7 Kg5 39. Re8 Bh3+ 40. Ke1 Rxd7 41. Rxd7 Bxd7 42. Ra8 a5 43. Rb8 Ne5 44. Rxb6 Nf3+ 45. Ke2 Nxh2 46. f3 h4 47. Kf2 h3 48. Ne4+ Kf4 49. Rf6+ Ke5 50. Rh6 Bf5 51. Ng5 1-0

[Event "NED-chT"]
[Site "Netherlands"]
[Date "1992.??.??"]
[Round "?"]
[White "Nijboer, Friso"]
[Black "Scheeren, Peter MJ"]
[Result "1-0"]
[WhiteElo "2455"]
[BlackElo "2435"]
[PlyCount "47"]
[EventDate "1992.??.??"]
[EventType "team-tourn"]
[EventRounds "11"]
[EventCountry "NED"]
[SourceTitle "EXT 1999"]
[Source "ChessBase"]
[SourceDate "1998.11.16"]
[SourceVersion "1"]
[SourceVersionDate "1998.11.16"]
[SourceQuality "1"]

1. e4 e5 2. Nf3 Nc6 3. Bb5 a6 4. Ba4 Nf6 5. 0-0 Be7 6. Re1 b5 7. Bb3 0-0 8. a4 Bb7 9. d3 d6 10. Nc3 Na5 11. Ba2 b4 12. Ne2 c5 13. c3 bxc3 14. bxc3 Qc7 15. Ng3 Rfc8 16. Nf5 Bc6 17. Qd2 Bf8 18. Qg5 c4 19. Ba3 Ne8 20. dxc4 f6 21. c5+ Kh8 22. Qg4 dxc5 23. N3h4 g6 24. Re3 1-0

[Event "Netherlands"]
[Site "Netherlands"]
[Date "1992.??.??"]
[Round "?"]
[White "Winants, Luc"]
[Black "Scheeren, Peter MJ"]
[Result "1/2-1/2"]
[WhiteElo "2505"]
[BlackElo "2435"]
[PlyCount "45"]
[EventDate "1992.??.??"]
[EventType "game"]
[EventRounds "1"]
[EventCountry "NED"]
[SourceTitle "EXT 2010"]
[Source "ChessBase"]
[SourceDate "2010.11.25"]
[SourceVersion "1"]
[SourceVersionDate "2010.11.25"]
[SourceQuality "1"]

1. e4 e5 2. Nf3 Nc6 3. d4 exd4 4. Nxd4 Nf6 5. Nc3 Bb4 6. Nxc6 bxc6 7. Bd3 d5 8. exd5 cxd5 9. 0-0 0-0 10. Bg5 c6 11. Qf3 Bd6 12. Rae1 Rb8 13. b3 Bb4 14. Qg3 Be6 15. Qh4 h6 16. Bxh6 gxh6 17. Qxh6 Bxc3 18. Re3 Rb4 19. Rg3+ Rg4 20. Rxg4+ Bxg4 21. Qg5+ Kh8 22. Qh6+ Kg8 23. Qg5+ 1/2-1/2

[Event "Budel zt"]
[Site "Budel"]
[Date "1987.05.25"]
[Round "5"]
[White "Scheeren, Peter MJ"]
[Black "Kuijf, Marinus"]
[Result "0-1"]
[WhiteElo "2445"]
[BlackElo "2470"]
[PlyCount "82"]
[EventDate "1987.05.20"]
[EventType "tourn"]
[EventRounds "11"]
[EventCountry "NED"]
[EventCategory "8"]
[SourceTitle "CBM 003"]
[Source "ChessBase"]
[SourceDate "1988.04.01"]
[SourceVersion "1"]
[SourceVersionDate "1988.04.01"]
[SourceQuality "1"]

1. d4 d5 2. Nf3 e6 3. g3 Nf6 4. Bg2 b5 5. 0-0 c5 6. c3 Bb7 7. a4 b4 8. cxb4 cxb4 9. Bf4 Be7 10. Nbd2 0-0 11. Ne5 Qb6 12. Nb3 Rc8 13. Qd2 Ne4 14. Bxe4 dxe4 15. Rfc1 Na6 16. Nd7 Qd8 17. Ndc5 Nxc5 18. Nxc5 Bxc5 19. dxc5 Qxd2 20. Bxd2 a5 21. Bf4 f6 22. Bd6 Kf7 23. h4 Bc6 24. Kf1 Ra7 25. b3 Rd7 26. Rab1 e5 27. Rd1 Ke6 28. Kg2 Bd5 29. f3 h5 30. Kf2 Rg8 31. Ke3 exf3 32. exf3 g5 33. hxg5 Rxg5 34. Rg1 Rdg7 35. Kf2 Rf5 36. f4 h4 37. gxh4 Rxf4+ 38. Ke2 Rh7 39. Rbf1 Rxf1 40. Kxf1 Bxb3 41. Rg8 Bxa4 0-1

[Event "Budel zt"]
[Site "Budel"]
[Date "1987.05.22"]
[Round "3"]
[White "Scheeren, Peter MJ"]
[Black "Van der Wiel, John"]
[Result "1/2-1/2"]
[WhiteElo "2445"]
[BlackElo "2590"]
[PlyCount "38"]
[EventDate "1987.05.20"]
[EventType "tourn"]
[EventRounds "11"]
[EventCountry "NED"]
[EventCategory "8"]
[SourceTitle "CBM 003"]
[Source "ChessBase"]
[SourceDate "1988.04.01"]
[SourceVersion "1"]
[SourceVersionDate "1988.04.01"]
[SourceQuality "1"]

1. d4 Nf6 2. c4 e6 3. Nc3 Bb4 4. e3 c5 5. Bd3 Nc6 6. Nge2 cxd4 7. exd4 d5 8. cxd5 Nxd5 9. 0-0 0-0 10. Bc2 Re8 11. Qd3 g6 12. Rd1 Bf8 13. Qg3 Bd6 14. Qf3 Qf6 15. Qxf6 Nxf6 16. Bf4 Bxf4 17. Nxf4 g5 18. Nfe2 Rd8 19. Rac1 Bd7 1/2-1/2

[Event "NED-ch41"]
[Site "Hilversum"]
[Date "1986.06.07"]
[Round "2"]
[White "Ree, Hans"]
[Black "Scheeren, Peter MJ"]
[Result "1-0"]
[WhiteElo "2455"]
[BlackElo "2455"]
[PlyCount "95"]
[EventDate "1986.06.06"]
[EventType "tourn"]
[EventRounds "11"]
[EventCountry "NED"]
[EventCategory "8"]
[SourceTitle "EXT 1999"]
[Source "ChessBase"]
[SourceDate "1998.11.16"]
[SourceVersion "1"]
[SourceVersionDate "1998.11.16"]
[SourceQuality "1"]

1. d4 Nf6 2. c4 g6 3. Nc3 Bg7 4. e4 d6 5. Nf3 0-0 6. Be2 e5 7. 0-0 Nc6 8. d5 Ne7 9. Ne1 Nd7 10. Nd3 f5 11. Bd2 Nf6 12. f3 Kh8 13. Qc2 Neg8 14. exf5 gxf5 15. Rae1 Qe8 16. Nf2 Bd7 17. g4 Ne7 18. Kh1 Ng6 19. h3 Ng8 20. Qc1 fxg4 21. hxg4 Nf4 22. Bxf4 Rxf4 23. Nce4 Qg6 24. Nh3 Bh6 25. Qc2 Raf8 26. Nxf4 Bxf4 27. Kg2 Nh6 28. Qd3 Nf5 29. Rh1 Ne3+ 30. Kg1 Nxg4 31. fxg4 Bxg4 32. Bxg4 Qxg4+ 33. Ng3 Qxg3+ 34. Qxg3 Bxg3 35. Rf1 Bf4 36. Kf2 h6 37. Kf3 Kg7 38. Ke4 Rf6 39. Rfg1+ Bg5 40. Rf1 Bf4 41. b4 Kg6 42. Rh3 h5 43. c5 Bg5 44. Rxf6+ Bxf6 45. c6 b5 46. Ra3 h4 47. Rxa7 Bg5 48. a4 1-0

[Event "EU-Cup 05th quarterfinal"]
[Site "Eindhoven"]
[Date "1986.04.12"]
[Round "3.1"]
[White "Jussupow, Artur"]
[Black "Scheeren, Peter MJ"]
[Result "1/2-1/2"]
[WhiteElo "2645"]
[BlackElo "2455"]
[PlyCount "90"]
[EventDate "1986.04.12"]
[EventType "team-match"]
[EventRounds "2"]
[EventCountry "NED"]
[SourceTitle "EXT 2010"]
[Source "ChessBase"]
[SourceDate "2010.11.25"]
[SourceVersion "1"]
[SourceVersionDate "2010.11.25"]
[SourceQuality "1"]
[WhiteTeam "Moscow CSKA"]
[BlackTeam "Eindhoven"]
[WhiteTeamCountry "RUS"]
[BlackTeamCountry "NED"]

1. d4 Nf6 2. c4 g6 3. Nc3 Bg7 4. e4 d6 5. Nf3 0-0 6. Be2 e5 7. d5 a5 8. Bg5 h6 9. Bh4 Na6 10. Nd2 Qe8 11. 0-0 Bd7 12. b3 Nh7 13. a3 h5 14. f3 Bh6 15. Rb1 Nc5 16. Qc2 f5 17. b4 axb4 18. axb4 Na4 19. Nb5 Bxb5 20. cxb5 Be3+ 21. Kh1 f4 22. Nb3 Qd7 23. Na5 g5 24. Bf2 Bxf2 25. Rxf2 Nb6 26. Nxb7 g4 27. Na5 Qe7 28. Rff1 Nf6 29. Rb3 Rf7 30. Rc3 Rg7 31. Rc1 Ne8 32. Qd1 Qg5 33. Qg1 Kh8 34. Rc6 Qg6 35. Qe1 Qg5 36. Qg1 Qg6 37. R1c2 Kh7 38. Qc1 Kh8 39. Qe1 Qg5 40. R6c3 Ra7 41. Bd1 Nf6 42. Rc6 Ne8 43. Qg1 Nf6 44. Qe1 Kg8 45. Rc1 Kh8 1/2-1/2

[Event "Olympiad-26"]
[Site "Thessaloniki"]
[Date "1984.11.23"]
[Round "5"]
[White "Scheeren, Peter MJ"]
[Black "Stoica, Valentin"]
[Result "1-0"]
[WhiteElo "2445"]
[BlackElo "2420"]
[PlyCount "103"]
[EventDate "1984.11.19"]
[EventType "team-swiss"]
[EventRounds "14"]
[EventCountry "GRE"]
[SourceTitle "EXT 1997"]
[Source "ChessBase"]
[SourceDate "1996.11.15"]
[SourceVersion "1"]
[SourceVersionDate "1996.11.15"]
[SourceQuality "1"]
[WhiteTeam "Netherlands"]
[BlackTeam "Romania"]
[WhiteTeamCountry "NED"]
[BlackTeamCountry "ROU"]

1. d4 Nf6 2. c4 e6 3. g3 c5 4. d5 exd5 5. cxd5 d6 6. Bg2 g6 7. Nc3 Bg7 8. Nf3 0-0 9. 0-0 Nbd7 10. e4 a6 11. a4 Ng4 12. Nh4 Nge5 13. f4 Nc4 14. Re1 Rb8 15. Bf1 Na5 16. Nf3 Re8 17. Be3 Nf6 18. e5 Ng4 19. h3 Nxe3 20. Rxe3 Bd7 21. Qc2 Bf5 22. Qf2 Nb3 23. Rae1 h5 24. Ne4 Bxe4 25. Rxe4 b5 26. axb5 axb5 27. e6 f5 28. R4e3 Nd4 29. Ng5 Qe7 30. Qg2 Bf6 31. Nf7 Kh7 32. Kh2 Rg8 33. Bd3 g5 34. fxg5 Bxg5 35. Rf3 Nxf3+ 36. Qxf3 Qf6 37. Qxh5+ Bh6 38. Nxh6 Qxh6 39. Bxf5+ Kg7 40. Qxh6+ Kxh6 41. e7 Rge8 42. Bd7 Kg7 43. Bxe8 Rxe8 44. Kg2 Kf7 45. Kf3 Rxe7 46. Rxe7+ Kxe7 47. h4 Kf6 48. Ke4 Kg6 49. g4 c4 50. Kf4 Kf6 51. h5 Kg7 52. g5 1-0

[Event "NED-ch39"]
[Site "Hilversum"]
[Date "1984.09.10"]
[Round "9"]
[White "Bohm, Hans"]
[Black "Scheeren, Peter MJ"]
[Result "1-0"]
[WhiteElo "2410"]
[BlackElo "2445"]
[PlyCount "144"]
[EventDate "1984.08.31"]
[EventType "tourn"]
[EventRounds "11"]
[EventCountry "NED"]
[EventCategory "7"]
[SourceTitle "MCD"]
[Source "ChessBase"]
[SourceDate "1999.07.01"]
[SourceVersion "1"]
[SourceVersionDate "1999.07.01"]
[SourceQuality "1"]

1. d4 Nf6 2. c4 g6 3. Nc3 Bg7 4. g3 0-0 5. Bg2 d6 6. e3 e5 7. Nge2 Nbd7 8. b3 Re8 9. a4 e4 10. Qc2 Qe7 11. Ba3 c6 12. h3 h5 13. g4 hxg4 14. hxg4 g5 15. Ng3 Nf8 16. Ncxe4 Nxe4 17. Bxe4 Bxg4 18. Bh7+ Nxh7 19. Qxh7+ Kf8 20. Nf5 Bxf5 21. Qxf5 Rad8 22. 0-0-0 Qf6 23. Qc2 g4 24. Rdg1 Qf3 25. Kb1 g3 26. Bc1 Qxf2 27. Qxf2 gxf2 28. Rf1 c5 29. d5 Re4 30. Rxf2 Rde8 31. Kc2 Rg4 32. Rf3 a6 33. a5 Rg2+ 34. Bd2 Ke7 35. Kd3 Rh8 36. Rxh8 Bxh8 37. Rf1 Be5 38. Rb1 Kd7 39. b4 cxb4 40. Rxb4 Kc7 41. Rb1 Rf2 42. Bc3 Bh2 43. Bd4 f5 44. Rh1 Kd7 45. Kc3 Ra2 46. Kb3 Re2 47. Bb6 f4 48. exf4 Bxf4 49. Rh4 Bd2 50. Rh7+ Re7 51. Rh3 Bf4 52. Kc3 Be5+ 53. Kd3 Rg7 54. Rh4 Bg3 55. Rh8 Be1 56. Rb8 Rg3+ 57. Ke2 Bb4 58. Rxb7+ Kc8 59. Rc7+ Kb8 60. Rc6 Ra3 61. Bc7+ Kb7 62. Bxd6 Ra2+ 63. Kd3 Rd2+ 64. Ke4 Bxa5 65. Bf4 Rd1 66. c5 Re1+ 67. Kd3 Rd1+ 68. Ke4 Re1+ 69. Kd3 Rd1+ 70. Kc4 Re1 71. Rf6 Re7 72. Bd6 Rh7 1-0

[Event "NED-ch39"]
[Site "Hilversum"]
[Date "1984.09.09"]
[Round "8"]
[White "Scheeren, Peter MJ"]
[Black "Van der Wiel, John"]
[Result "1/2-1/2"]
[WhiteElo "2445"]
[BlackElo "2515"]
[PlyCount "94"]
[EventDate "1984.08.31"]
[EventType "tourn"]
[EventRounds "11"]
[EventCountry "NED"]
[EventCategory "7"]
[SourceTitle "MCD"]
[Source "ChessBase"]
[SourceDate "1999.07.01"]
[SourceVersion "1"]
[SourceVersionDate "1999.07.01"]
[SourceQuality "1"]

1. d4 Nf6 2. c4 e6 3. g3 d5 4. Bg2 dxc4 5. Nf3 c5 6. 0-0 cxd4 7. Nxd4 a6 8. Qa4+ Qd7 9. Qxc4 b5 10. Qb3 Bb7 11. Bxb7 Qxb7 12. a4 b4 13. Nd2 Bc5 14. Qf3 Qxf3 15. N4xf3 Nc6 16. Nb3 Ba7 17. Bf4 0-0 18. Rac1 Rfc8 19. Rc4 Nd5 20. Rfc1 Nce7 21. Bc7 Ne3 22. fxe3 Bxe3+ 23. Kf1 Bxc1 24. Rxc1 Nd5 25. Bf4 Rxc1+ 26. Nxc1 f6 27. Bd2 e5 28. e4 Nb6 29. b3 a5 30. Ke2 Nd7 31. Nd3 Rc8 32. Kd1 Kf7 33. Nh4 Rd8 34. Nf5 Nb8 35. Nb2 g6 36. Ne3 Nc6 37. Nc2 Ke6 38. Ke2 f5 39. exf5+ gxf5 40. Nc4 Rg8 41. Kf3 Rd8 42. Ke2 e4 43. Be3 Rd3 44. Nd2 h5 45. Bb6 h4 46. Ne3 hxg3 47. hxg3 Ke5 1/2-1/2

[Event "NED-ch39"]
[Site "Hilversum"]
[Date "1984.09.07"]
[Round "7"]
[White "Stehouwer, Coen"]
[Black "Scheeren, Peter MJ"]
[Result "0-1"]
[WhiteElo "2265"]
[BlackElo "2445"]
[PlyCount "138"]
[EventDate "1984.08.31"]
[EventType "tourn"]
[EventRounds "11"]
[EventCountry "NED"]
[EventCategory "7"]
[SourceTitle "MCD"]
[Source "ChessBase"]
[SourceDate "1999.07.01"]
[SourceVersion "1"]
[SourceVersionDate "1999.07.01"]
[SourceQuality "1"]

1. e4 e5 2. Nf3 Nc6 3. Bb5 a6 4. Ba4 d6 5. 0-0 Bd7 6. c3 Nf6 7. Re1 g6 8. d4 Qe7 9. Nbd2 Bg7 10. a3 0-0 11. Bc2 Nh5 12. dxe5 Nxe5 13. Nxe5 dxe5 14. Nf1 Rad8 15. Qf3 Be6 16. Be3 Nf6 17. h3 Nd7 18. Rad1 a5 19. Qe2 b6 20. Nd2 Nf6 21. b4 Ra8 22. Ra1 Nh5 23. Nb3 Nf4 24. Qf1 Rfd8 25. Red1 Rxd1 26. Bxd1 axb4 27. axb4 Rxa1 28. Nxa1 Qd7 29. Qe1 Qc6 30. f3 Qc4 31. Kh2 Qa2 32. Nc2 Bb3 33. Qd2 h5 34. g3 Ne6 35. h4 Bf8 36. Kg2 c5 37. Kf1 cxb4 38. cxb4 b5 39. Ke2 Qb2 40. Qc1 Qxc1 41. Bxc1 Bxc2 42. Bxc2 Nd4+ 43. Kd1 Nxc2 44. Kxc2 Bxb4 45. Bb2 f6 46. Bc3 Bc5 47. Be1 f5 48. Bc3 Bd6 49. Be1 Kf7 50. Bf2 Ke6 51. Kd3 Bb4 52. Kc2 Kd6 53. Kd3 f4 54. gxf4 exf4 55. Bb6 Ke6 56. Bf2 Be7 57. Be1 g5 58. hxg5 Bxg5 59. Bd2 Ke5 60. Bc3+ Kd6 61. Bb4+ Kc6 62. Bd2 Kc5 63. Bc1 b4 64. Bd2 h4 65. Ke2 b3 66. Bc3 Kd6 67. Kf2 Ke6 68. e5 Bd8 69. Kg2 Bc7 0-1

[Event "NED-ch39"]
[Site "Hilversum"]
[Date "1984.09.05"]
[Round "5"]
[White "Scheeren, Peter MJ"]
[Black "Van Mil, Johan"]
[Result "1/2-1/2"]
[WhiteElo "2445"]
[BlackElo "2370"]
[PlyCount "118"]
[EventDate "1984.08.31"]
[EventType "tourn"]
[EventRounds "11"]
[EventCountry "NED"]
[EventCategory "7"]
[SourceTitle "MCD"]
[Source "ChessBase"]
[SourceDate "1999.07.01"]
[SourceVersion "1"]
[SourceVersionDate "1999.07.01"]
[SourceQuality "1"]

1. Nf3 f5 2. d4 Nf6 3. g3 g6 4. Bg2 Bg7 5. 0-0 0-0 6. c4 d6 7. Nc3 Qe8 8. d5 Na6 9. Rb1 Bd7 10. b4 c6 11. Qb3 Kh8 12. dxc6 bxc6 13. Qa3 Nc7 14. Rd1 Qf7 15. c5 Ne4 16. Bb2 d5 17. e3 Nxc3 18. Bxc3 Nb5 19. Bxg7+ Qxg7 20. Qa6 Nc3 21. Qb7 e6 22. Nd4 Rfb8 23. Qa6 Nxd1 24. Rxd1 Rxb4 25. Nxc6 Bxc6 26. Qxc6 Qg8 27. Qd6 Qe8 28. Rxd5 Rb1+ 29. Rd1 Rxd1+ 30. Qxd1 Rd8 31. Qa1+ Kg8 32. c6 Qe7 33. Qc3 Kf7 34. e4 e5 35. Bf3 Rc8 36. exf5 gxf5 37. Bd5+ Kg6 38. h4 Qd6 39. Qe3 f4 40. Be4+ Kf6 41. Qf3 Ke7 42. Kg2 fxg3 43. fxg3 Rf8 44. Qb3 Rb8 45. Qc2 Qd4 46. Kh3 Rb2 47. Qc1 Qxe4 48. Qxb2 Qh1+ 49. Qh2 Qxc6 50. Qf2 Ke6 51. Qe2 h6 52. Kg4 Kf6 53. Qf2+ Ke6 54. Qf5+ Kd5 55. Qd3+ Ke6 56. Qe3 Qc4+ 57. Kh3 Qf1+ 58. Kh2 Kf5 59. Qxa7 Qe2+ 1/2-1/2

[Event "Hoogovens"]
[Site "Wijk aan Zee"]
[Date "1983.01.21"]
[Round "6"]
[White "Seirawan, Yasser"]
[Black "Scheeren, Peter MJ"]
[Result "1-0"]
[WhiteElo "2600"]
[BlackElo "2445"]
[PlyCount "71"]
[EventDate "1983.01.14"]
[EventType "tourn"]
[EventRounds "13"]
[EventCountry "NED"]
[EventCategory "12"]
[SourceTitle "MCD"]
[Source "ChessBase"]
[SourceDate "1999.07.01"]
[SourceVersion "1"]
[SourceVersionDate "1999.07.01"]
[SourceQuality "1"]

1. c4 g6 2. d4 Bg7 3. Nc3 Nf6 4. e4 d6 5. Be2 0-0 6. Bg5 c5 7. d5 h6 8. Be3 e6 9. Qd2 exd5 10. cxd5 Re8 11. f3 Kh7 12. g4 h5 13. h4 hxg4 14. h5 gxh5 15. Bg5 Qb6 16. Bxf6 Bxf6 17. Qf4 Nd7 18. Qxg4 h4 19. 0-0-0 Rh8 20. f4 Qd8 21. Qg3 Nf8 22. Nf3 Rg8 23. Qh2 Rg4 24. f5 Kh8 25. Nb5 Rxe4 26. Bd3 Rb4 27. Nxd6 Bxb2+ 28. Qxb2+ Rxb2 29. Nxf7+ Kg7 30. Nxd8 Rxa2 31. Ne6+ Bxe6 32. fxe6 c4 33. Bb1 Rf2 34. Nxh4 c3 35. Rhf1 Rxf1 36. Rxf1 1-0

[Event "Hoogovens"]
[Site "Wijk aan Zee"]
[Date "1983.01.16"]
[Round "3"]
[White "Scheeren, Peter MJ"]
[Black "Andersson, Ulf"]
[Result "1/2-1/2"]
[WhiteElo "2445"]
[BlackElo "2635"]
[PlyCount "46"]
[EventDate "1983.01.14"]
[EventType "tourn"]
[EventRounds "13"]
[EventCountry "NED"]
[EventCategory "12"]
[SourceTitle "MCD"]
[Source "ChessBase"]
[SourceDate "1999.07.01"]
[SourceVersion "1"]
[SourceVersionDate "1999.07.01"]
[SourceQuality "1"]

1. d4 Nf6 2. c4 e6 3. Nc3 Bb4 4. e3 c5 5. Bd3 Nc6 6. Nge2 d5 7. 0-0 dxc4 8. Bxc4 0-0 9. a3 cxd4 10. exd4 Be7 11. Qd3 b6 12. Rd1 Bb7 13. Qh3 Nd5 14. Bd3 g6 15. Bh6 Re8 16. Ne4 Rc8 17. Rac1 Nb8 18. Qg3 Rxc1 19. Rxc1 Ba6 20. Bxa6 Nxa6 21. Qe5 Bf6 22. Nxf6+ Qxf6 23. Nf4 Qxe5 1/2-1/2